logo

Bir Sreshtho Munshi Abdur Rouf Library
Jhenaidah Cadet College

জীবন সায়াহ্নের নজরুলকে যেমন দেখেছি / (Record no. 9364)

MARC details
000 -LEADER
fixed length control field 00684nam a22002177a 4500
001 - CONTROL NUMBER
JCCL Control Number 9364
003 - CONTROL NUMBER IDENTIFIER
JCCL marc code OSt
005 - DATE AND TIME OF LATEST TRANSACTION
control field 20180313113006.0
008 - FIXED-LENGTH DATA ELEMENTS--GENERAL INFORMATION
fixed length control field 180313b1988 bg ||||| |||| 00| 0 ben d
035 ## - SYSTEM CONTROL NUMBER
system control number (BD-JhCC)9364
040 ## - CATALOGING SOURCE
Original cataloging agency BD-JhCC
Modifying agency BD-JhCC
041 ## - LANGUAGE CODE
Language code of Book ben
082 ## - DEWEY DECIMAL CLASSIFICATION NUMBER
Classification number 928.9144
Author mark and Year CHA 1988
100 ## - MAIN ENTRY--PERSONAL NAME
Personal name চাকলাদার, শফি
245 ## - TITLE STATEMENT
Title জীবন সায়াহ্নের নজরুলকে যেমন দেখেছি /
Statement of responsibility, etc শফি চাকলাদার
260 ## - PUBLICATION, DISTRIBUTION, ETC. (IMPRINT)
Place of publication, distribution, etc ঢাকা:
Name of publisher, distributor, etc ইসলামিক ফাউন্ডেশন
Date of publication, distribution, etc 1988.
300 ## - PHYSICAL DESCRIPTION
Pagination 100 p. :
Dimensions 22 cm.
650 ## - SUBJECT ADDED ENTRY--TOPICAL TERM
Topical term or geographic name as entry element Biography
942 ## - ADDED ENTRY ELEMENTS (KOHA)
Source of classification or shelving scheme Dewey Decimal Classification
Koha item type Books
Holdings
Source of classification or shelving scheme Damaged status Not for loan Home library Current library Shelving location Date of accession Cost, normal purchase price Total Checkouts Full call number Barcode Date last seen Copy number Koha item type
Dewey Decimal Classification     JCC Rouf Library JCC Rouf Library General Stacks 03/13/2018 18.00   928.9144 CHA 1988 12243 03/13/2018 C-1 Books

JCC Library | Contacts | JCC Home

Last Update on 23 September 2017
Copyright @ 2017-2020 JCC Rouf Library
Rouf Library, Jhenidah Cadet College (JCC), Bangladesh